Đánh giá một số chỉ tiêu vi sinh vật trên thịt heo tại lò mổ gia súc tập trung và các quầy, kệ kinh doanh thịt tại huyện Châu Thành và huyện Càng Long, tỉnh Trà Vinh : Luận văn tốt nghiệp Cao học. Chuyên ngành Thú y

Đánh giá thực trạng và điều kiện vệ sinh thú y đối với cơ sở giết mổ gia súc và chợ bày bán thịt heo trên địa bàn, khảo sát tình hình nhiễm vi sinh vật trên thịt và môi trường tại cơ sở giết mổ....

সম্পূর্ণ বিবরণ

সংরক্ষণ করুন:
গ্রন্থ-পঞ্জীর বিবরন
প্রধান লেখক: Lê, Hoàng Khương
বিন্যাস: গ্রন্থ
ভাষা:Undetermined
প্রকাশিত: Cần Thơ Trường Đại học Cần Thơ 2018
বিষয়গুলি:
ট্যাগগুলো: ট্যাগ যুক্ত করুন
কোনো ট্যাগ নেই, প্রথমজন হিসাবে ট্যাগ করুন!
Thư viện lưu trữ: Trung tâm Học liệu Trường Đại học Cần Thơ
LEADER 01260nam a2200217Ia 4500
001 CTU_228595
008 210402s9999 xx 000 0 und d
082 |a 636.4089 
082 |b Kh561 
088 |a 8640101 
100 |a Lê, Hoàng Khương 
245 0 |a Đánh giá một số chỉ tiêu vi sinh vật trên thịt heo tại lò mổ gia súc tập trung và các quầy, kệ kinh doanh thịt tại huyện Châu Thành và huyện Càng Long, tỉnh Trà Vinh : 
245 0 |b Luận văn tốt nghiệp Cao học. Chuyên ngành Thú y 
245 0 |c Lê Hoàng Khương ; Huỳnh Kim Diệu (Cán bộ hướng dẫn) 
260 |a Cần Thơ 
260 |b Trường Đại học Cần Thơ 
260 |c 2018 
520 |a Đánh giá thực trạng và điều kiện vệ sinh thú y đối với cơ sở giết mổ gia súc và chợ bày bán thịt heo trên địa bàn, khảo sát tình hình nhiễm vi sinh vật trên thịt và môi trường tại cơ sở giết mổ. 
650 |a Veterinary bacteriology,Vi khuẩn thú y 
910 |b nthai 
980 |a Trung tâm Học liệu Trường Đại học Cần Thơ